Intereconomics Review of European Economic Policy

Uložené v:
Podrobná bibliografia
Médium: Seriál
Jazyk:English
Vydavateľské údaje: Heidelberg Springer-Verlag 2020
Tagy: Pridať tag
Žiadne tagy, Buďte prvý, kto otaguje tento záznam!

MARC

LEADER 00000nas2a2200000 4500
001 0263340
005 20240809111944.9
022 |a 0020-5346 
041 0 |a eng 
044 |a DE 
245 1 0 |a Intereconomics  |b Review of European Economic Policy 
264 1 |a Heidelberg  |b Springer-Verlag  |c 2020 
773 0 |w eu_un_cat*s120783 
774 0 |w eu_un_cat*0303518